000
00296nmm a2200097Ia 4500
008
220120s9999||||xx |||||||||||||||||und||
020
_a
0-07-044580-X
100
_a
Digit
245
0
_a
Nix and foss celebrating foss with all the best destros and
260
_a
Nine dot nine interactive ltd.
_b
New Delhi
999
_c
139749
_d
139749